Pamätnica vojenskej nemocnice v Ružomberku 1914 - 1964

Podrobná bibliografia
Ďalší autori: Materanka, Cyril (Zostavovateľ, kompilátor), Čapčík, Jozef (Zostavovateľ, kompilátor)
Médium: Kniha
Jazyk:slovenčina
PhysicalDescription:43 s. fotogr. 20 cm
Vydavateľské údaje: [Ružomberok] [s.n.] [1964]
Vydanie:[1. vyd.]
Predmet:

MARC

LEADER 00000cam a2200000 a 4500
001 vtls008301153
003 SK-MaSNL
005 20260301140407.0
008 180813b1964 xo o 000 0 slo
020 |q (brož.) 
040 |a SNK  |b slo  |c SNK  |e AACR2 
041 0 |a slo 
043 |a e-xo--- 
044 |a xo  |c SK 
072 7 |a 355/359  |x Vojenstvo. Obrana krajiny. Ozbrojené sily  |2 konspekt 
080 |a 355.721  |2 2011 
080 |a (082.2)  |2 2011 
080 |a (437.6)  |2 2011 
080 |a 614.2:725.511  |2 2011 
245 0 0 |a Pamätnica vojenskej nemocnice v Ružomberku 1914 - 1964  |c [zostavili: Cyril Materanka a Jozef Čapčík] 
250 |a [1. vyd.] 
260 |a [Ružomberok]  |b [s.n.]  |c [1964] 
300 |a 43 s.  |b fotogr.  |c 20 cm 
500 |a Brož. 
610 2 7 |a Vojenská nemocnica (Ružomberok, Slovensko)  |2 SNKKA  |9 493012 
648 7 |a 1914-1964  |2 SNKPH  |9 493013 
650 0 7 |a vojenské nemocnice  |2 SNKPH  |9 152747 
650 0 7 |a nemocnice  |2 SNKPH  |9 3008 
650 0 7 |a Hospitals  |2 SNKPHeng  |9 325356 
655 7 |a jubilejné publikácie  |2 SNKPH  |9 70339 
655 7 |a Jubilee books  |2 SNKPHeng  |9 281827 
700 1 |a Materanka, Cyril  |4 com  |9 493014 
700 1 |a Čapčík, Jozef  |4 com  |9 493015 
852 |a Štátna vedecká knižnica v Banskej Bystrici 
958 |a OND 
999 |c 763512  |d 765442 
952 |a SNK  |b SNK  |y PREZ  |7 0  |p 17A0872574  |o snkSC 19287   |0 0  |1 0  |4 0  |d 2012-08-30  |l 0  |r 2026-02-24 00:11:24  |w 2026-02-24 
952 |a SNK  |b SNK  |y VYP  |7 0  |p 17A0486176  |o snkSC 19287 D1  |i snkKSP 4693/64  |0 0  |1 0  |4 0  |d 2005-10-05  |l 1  |r 2026-03-11 10:15:44  |s 2026-03-10  |w 2026-02-24